| 000 | 00354nam a2200145Ia 4500 | ||
|---|---|---|---|
| 008 | 230917s9999||||xx |||||||||||||| ||und|| | ||
| 040 |
_e152824 _aMAIN |
||
| 041 | _aEnglish | ||
| 082 | _a294.12 S23R | ||
| 100 | _aSharma, Umashankar | ||
| 245 | 0 | _aRgveda-samhita | |
| 260 |
_aVaranasi _bChowkhama Vidyabhawan _c1973 |
||
| 300 | _a495p p. | ||
| 942 | _cBK | ||
| 999 |
_c210022 _d210022 |
||